Music Quiz

Random Music or Word Ladder Quiz

4-Letter Music Word Ladder Quiz Stats

 Plays Quiz Updated Oct 11, 2018

Challenge
Share
Tweet
Embed
Score 0/100 Timer 12:00
11 Plays Today
Clue Word % Correct
'Can't Get You Out of My ____' - Kylie MinogueHEAD
94.5%
Michael Jackson classic - '____ It' BEAT
94.2%
'The Show ____ Go On' - QueenMUST
90.2%
'In the End' - Linkin ____PARK
89.5%
'I Want To Hold Your ____' - The BeatlesHAND
88.6%
'Hey ____' - The BeatlesJUDE
87.5%
'Since U Been ____' - Kelly ClarksonGONE
86.5%
Country music legend Johnny ____CASH
85.8%
'The ____ Is On' - Glen FreyHEAT
85.4%
Diana ____ & the SupremesROSS
85.2%
'Addicted to ____' - Robert PalmerLOVE
85.3%
'How To ____ a Life' - The FraySAVE
85%
'Light My ____' - The DoorsFIRE
84.7%
Eminem #1 hit, '____ Yourself'LOSE
83%
'I Will Wait' - Mumford & ____SONS
82.9%
Type of drum, guitar or clarinetBASS
82.9%
'Closer' - ____ Inch NailsNINE
82.8%
'Kiss From a ____' - SealROSE
82%
Bruce Springsteen nicknameBOSS
81.3%
'Save the ____ Dance For Me'
- The Drifters
LAST
81%
Stevie Wonder - '____ Time Lover'PART
80.9%
'White Christmas' singer ____ CrosbyBING
80.6%
'The One I ____ My Heart To' - AaliyahGAVE
80.2%
'Money For Nothing' - ____ StraitsDIRE
79.6%
'You Get What You ____' - New RadicalsGIVE
79.4%
'My Humps' opening lyrics:
'What you gon' do with all that ____?'
JUNK
79.4%
'____ a Move' - Young MCBUST
79.3%
'____ Boy' - RihannaRUDE
78.9%
Building where a hoedown may be heldBARN
77.8%
Sex Pistols, Ramones & Clash genrePUNK
77.1%
Ozzy 1983 album, '____ at the Moon'BARK
76.8%
'____ Car' - Tracy ChapmanFAST
76.3%
'Lightning Crashes'/'I Alone' bandLIVE
76.1%
'Living in the ____' - Jethro TullPAST
75.6%
Clue Word % Correct
'Penny ____' - The BeatlesLANE
75.2%
'Last Train Home' - ____prophetsLOST
75%
'Born __ __ Wild' - SteppenwolfTO BE
74%
90s R&B trio , Tony! ____! ToneTONI
73.2%
'Get the Party Started' singerPINK
73%
'This Ain't a Scene, It's an Arms ____'
- Fall Out Boy
RACE
72.7%
'Who's Gonna ____ Your Wild Horses' - U2RIDE
71.7%
'Cornflake Girl' - ____ AmosTORI
70.8%
'Big Yellow Taxi' - ____ MitchellJONI
70.7%
'____ You To Move' - SwitchfootDARE
70.6%
Popular genre of RockHARD
70.4%
'___ a Song' - Earth, Wind & FireSING
70.4%
'She Drives Me Crazy'
- ____ Young Cannibals
FINE
69.8%
Barbra Streisand, to her friendsBABS
69.8%
One of the Pointer SistersJUNE
68.8%
'Back on the Chain ____' - PretendersGANG
68.2%
'____ of My Love' - #1 for Eagles
or Emotions
BEST
68%
'Kiss Me' - Sixpence ____ the RicherNONE
67.7%
'Bang a ____' - T. RexGONG
67.5%
'Hey Soul Sister' lyrics:
'Your lipstick stains / On the
front ____ of my left-side brains'
LOBE
67.4%
'Circle in the ___' - Belinda CarlisleSAND
65.7%
Any large-scale outdoor concertFEST
64.6%
'Mack the Knife' lyrics:
'Could it be our boy's done something ____?'
RASH
63.4%
Country band ____star ('Amazed')LONE
63.2%
Natalie Imbruglia's biggest US hitTORN
63%
'____ the Bismarck' - Johnny HortonSINK
62.6%
'I'm Too Sexy' - Right ____ FredSAID
62.6%
'The Blower's Daughter' - Damien ____RICE
62%
Singers Secada, Bon Jovi, & AndersonJONS
61.3%
'____ and Blame' - R.E.M.BANG
61.2%
'As Good As I Once Was' - ____ KeithTOBY
60.8%
'The Logical ____' - SupertrampSONG
60.6%
'I Just Want To Celebrate' - ____ EarthRARE
60.4%
'____ of Confusion' - GenesisLAND
60.4%
Clue Word % Correct
'Tom Sawyer' bandRUSH
60.4%
'Ocean Avenue' band, Yellow____CARD
60%
'Disco Duck' - Rick Dees and his ____
of Idiots
CAST
59.4%
Mama ____ Elliot of The Mamas & PapasCASS
58.8%
'Murder Was the ____' - Snoop DoggCASE
58.8%
'The ___-motion' - Grand Funk/Kylie MinogueLOCO
58.2%
____ Orlando & DawnTONY
58%
'Wild Thing' rapper, ____ LocTONE
57.8%
Gavin Rossdale's former bandBUSH
57.5%
'Freak On a Leash' bandKORN
56.5%
'____ Time' - BostonLONG
56.4%
'___ Sale' - Wiz KhalifaBAKE
55%
Gary Numan's biggest hitCARS
53.8%
'The __-__ Song' - Ringo StarrNO NO
52.9%
'Short Skirt, Long Jacket' bandCAKE
52.7%
#1 hit for Styx in 1979BABE
52.5%
'Uprising'/'Madness' trioMUSE
52.2%
'____ Evil 9' - Emerson Lake & PalmerKARN
47.8%
'Smooth Operator' bandSADE
47.5%
Danish band, ____ Back ('White Horse')LAID
46.6%
'Me & You & a Dog Named Boo' singerLOBO
44.5%
'Say __ __' - De La SoulNO GO
43.8%
'Who ____ Who' - AC/DCMADE
42.7%
'Can't Nobody Hold Me Down' rapperMASE
38%
Gwen Stefani's electronic dance
music partner on 'South Side'
MOBY
36.3%
Either half of a Tommy James song title covered by Billy IdolMONY
33.7%
R&B trio ____ - 'Don't Walk Away'JADE
33.3%
'I Started a ____' - Bee GeesJOKE
31.2%
Blues Brother played by John BelushiJAKE
30.6%
'One ____ Over the Line' - Brewer
& Shipley
TOKE
30.6%
Mosh pit dance stylePOGO
24.8%
Furay/Messina/Meisner/Schmit bandPOCO
22.8%

You're not logged in!

Compare scores with friends on all Sporcle quizzes.
OR
Log In

You Might Also Like...

Show Comments

Extras

Top Quizzes Today


Score Distribution

Your Account Isn't Verified!

In order to create a playlist on Sporcle, you need to verify the email address you used during registration. Go to your Sporcle Settings to finish the process.

Report this User

Report this user for behavior that violates our Community Guidelines.

Details: